[Event "Hoogovens"]
[Site "Wijk aan Zee 39"]
[Date "1977.01.??"]
[Round "3"]
[White "Sosonko, Gennadi"]
[Black "Ligterink, Gert"]
[Result "1-0"]
[WhiteElo "2530"]
[BlackElo "2430"]
[Annotator "JvR"]
[PlyCount "83"]
[EventDate "1977.??.??"]
[EventCountry "NED"]

{The organisers were irritated when Geller instead of Karpov arrived, but it
became an interesting tournament anyway.} 1. d4 Nf6 2. c4 e6 3. g3 c5 4. d5
exd5 5. cxd5 d6 6. Nc3 g6 7. Bg2 Bg7 8. Nf3 O-O 9. O-O a6 10. a4 Nbd7 11. e4
Re8 12. Re1 $5 ({The prudent} 12. Nd2 {prevents the next move (Behrensen -
Najdorf, Buenos Aires 1964).}) 12... c4 $1 13. Qe2 $2 ({Theory will become} 13.
Bf1) 13... Qc7 $2 (13... Nc5 $1 14. Qxc4 b5 $1 15. Qf1 b4 {takes an advantage 
(Ligterink).}) 14. Bf4 Ng4 15. Bf1 Qc5 $2 (15... Nde5 $1 16. Bxe5 Nxe5 17. Nxe5
Bxe5 18. Qxc4 {(LigterinK)} Qb6 $1 {almost equalises.}) 16. Nd2 $1 Nde5 17. h3
$1 Nd3 $1 18. hxg4 Bxg4 19. Qe3 $1 Bd4 20. Bxd3 Bxe3 21. Bxe3 Qb4 22. Nxc4 {
White has three minor pieces against a vulnerable queen.} b5 23. Na2 Qb3 24.
Nc1 Qb4 25. Bd2 Qc5 26. Nb3 Qc7 27. Ne3 Bd7 ({Not} 27... Bf3 $2 28. Nd4 Bxe4
29. Ng4 Bxd3 30. Nf6+ {(Ligterink).}) 28. Nd4 Qb6 29. Ndc2 bxa4 $6 30. Nc4 $1
Qb8 31. Bf4 Bb5 32. Bxd6 Qd8 33. Ba3 Bxc4 34. Bxc4 Rc8 35. Bd3 h5 36. Ne3 h4
37. d6 hxg3 38. fxg3 Rb8 39. Nd5 Qg5 40. Kg2 Qd2+ 41. Be2 Kg7 42. Rad1 1-0

[Event "Hoogovens"]
[Site "Wijk aan Zee 39"]
[Date "1977.01.??"]
[Round "7"]
[White "Kavalek, Lubomir"]
[Black "Geller, Efim"]
[Result "0-1"]
[WhiteElo "2545"]
[BlackElo "2590"]
[Annotator "JvR"]
[PlyCount "48"]
[EventDate "1977.??.??"]
[EventCountry "NED"]

1. d4 d5 2. c4 e6 3. Nc3 Be7 4. g3 Nf6 5. Bg2 O-O 6. Nf3 dxc4 7. O-O Nc6 8. e4
Rb8 9. Re1 $5 (9. Bg5 {brings no advantage either (Filip - Pilnik, Marianske
Lazne/Praha 1956).}) 9... b5 $1 10. e5 $2 (10. Bf4 b4 11. Na4 Bd6 {leads to a
black edge.}) 10... Nd5 $1 11. Ne4 Ncb4 $1 12. Nfg5 {White dreams of an attack
on the king.} h6 13. Nh3 Nd3 $1 {Geller has achieved a winning position.
Kavalek begins a flight forwards.} 14. Bxh6 $5 gxh6 15. Qg4+ Kh7 16. f4 f5 17.
exf6 Nxf6 18. Nhg5+ hxg5 19. Nxf6+ Bxf6 20. Qh5+ Kg7 21. Be4 Qxd4+ 22. Kg2 Rh8
23. Qg6+ Kf8 24. Rf1 gxf4 {Geller started to chase Sosonko in the race for the
leadership.} 0-1

[Event "Hoogovens"]
[Site "Wijk aan Zee 39"]
[Date "1977.01.??"]
[Round "8"]
[White "Sosonko, Gennadi"]
[Black "Kavalek, Lubomir"]
[Result "1-0"]
[WhiteElo "2530"]
[BlackElo "2545"]
[Annotator "JvR"]
[PlyCount "80"]
[EventDate "1977.??.??"]
[EventCountry "NED"]

1. d4 Nf6 2. c4 g6 3. Nc3 Bg7 4. e4 d6 5. Be2 O-O 6. Nf3 e5 7. O-O Nc6 8. d5
Ne7 9. Ne1 Nd7 10. Nd3 f5 11. Bd2 Nf6 12. f3 f4 13. c5 g5 14. cxd6 cxd6 15. Nf2
h5 $5 16. h3 Ng6 17. a4 Rf7 18. Nb5 Bf8 19. Qc2 g4 20. fxg4 hxg4 21. hxg4 a6
22. Na3 Rg7 23. Rfc1 Nh4 24. Qd1 Bxg4 $2 ({Better is} 24... Qb6 $5) 25. Nxg4
Nxg4 26. Bxg4 Qg5 27. Be6+ Kh8 {This position has occurred in an offhand game
Sosonko - Ligterink. Genna finds a new and winning move.} 28. g4 $1 Re8 29. Rc3
Rxe6 30. dxe6 Qh5 31. Rh3 f3 $5 32. Kf2 d5 33. Qxf3 Bc5+ 34. Ke2 Rxg4 35. Rxh4
Rxh4 36. Qxh5+ Rxh5 37. exd5 e4 38. Rf1 Rxd5 39. Rf7 Kg8 40. Rxb7 Re5 {Sosonko
had a great advantage by his theoretical knowledge.} 1-0

[Event "Hoogovens"]
[Site "Wijk aan Zee 39"]
[Date "1977.01.??"]
[Round "10"]
[White "Barczay, Laszlo"]
[Black "Timman, Jan"]
[Result "0-1"]
[WhiteElo "2470"]
[BlackElo "2590"]
[Annotator "JvR"]
[PlyCount "76"]
[EventDate "1977.??.??"]
[EventCountry "NED"]

1. Nf3 Nf6 2. g3 d5 3. Bg2 c6 4. b3 Bg4 5. Bb2 e6 6. O-O Nbd7 7. d4 Be7 8. Nbd2
O-O 9. c4 Bh5 $5 ({Usual is} 9... a5) 10. Ne1 Bd6 11. Nd3 Qe7 12. Ne5 Rfd8 13.
h3 Ba3 14. Bxa3 Qxa3 15. g4 Bg6 16. Nxg6 hxg6 17. e3 a5 18. Qc1 Qe7 19. f4 c5
20. Qa3 Ra6 21. g5 Nh5 22. Rfe1 Qd6 23. cxd5 exd5 24. Nf3 b5 25. dxc5 $6 (25.
Rac1 $1 b4 26. Qa4 c4 $5 27. bxc4 dxc4 28. Bf1 Qd5 29. e4 Qd6 {brings wild
play.}) 25... Nxc5 26. Rad1 b4 27. Qb2 Ne4 28. Ne5 Nc3 29. Rd3 Qc5 30. Qf2 a4
31. Rd2 axb3 32. axb3 Rda8 {Timman has the initiative.} 33. f5 $2 ({Correct is
} 33. Kh2 $1 Ra3 34. Rc1 $1 Qb5 35. Rb2 {and White consolidates.}) 33... Qe7 $1
34. fxg6 Qxe5 $1 35. Qxf7+ ({Or} 35. gxf7+ Kf8 36. Qh4 Ra1 $1 {(Timman).})
35... Kh8 36. Rf2 Qe6 37. Bf3 Ne4 38. Bg4 (38. Qxe6 $1 Rxe6 39. Bxh5 Nxf2 40.
Kxf2 {resists more stubbornly (Timman).}) 38... Qxf7 {Timman ended the event
by a winning streak of five games.   Sosonko led, half-a-point before Geller,
and one point ahead of Timman and Kurajica after the penultimate round.} (38...
Qxf7 39. Rxf7 Nhg3 $1 {wins a piece and carries on the black attack.}) 0-1

[Event "Hoogovens"]
[Site "Wijk aan Zee 39"]
[Date "1977.01.??"]
[Round "11"]
[White "Nikolac, Juraj"]
[Black "Geller, Efim"]
[Result "0-1"]
[WhiteElo "2475"]
[BlackElo "2590"]
[Annotator "JvR"]
[PlyCount "146"]
[EventDate "1977.??.??"]
[EventCountry "NED"]

{Sosonko drew quickly versus Kurajica in the last round. So Geller needed a
win.} 1. Nf3 Nf6 2. c4 e6 3. d4 d5 4. Nc3 Be7 5. Bg5 O-O 6. e3 h6 7. Bh4 b6 8.
Bd3 Bb7 9. O-O Nbd7 10. Rc1 c5 11. Qe2 Rc8 12. cxd5 Nxd5 13. Bxe7 Qxe7 14. Nxd5
Bxd5 15. Bb1 $5 (15. Ba6 {was played in Gligoric - Benko, Los Angeles 1963.})
15... Bb7 16. e4 $6 {The white e-pawn becomes a weakness.} cxd4 $1 17. Nxd4
Rfd8 18. a3 Rxc1 19. Rxc1 Nc5 20. Qe3 Qf6 $5 21. e5 Qg5 22. Qxg5 hxg5 23. Nb5
Nb3 24. Re1 Rd2 25. Nxa7 Rxb2 {Geller has the active rook.} 26. Bd3 Nc5 27. Bf1
g4 $5 28. Nb5 Ba6 $1 29. Nd6 Bxf1 30. Rxf1 ({Not} 30. Kxf1 $2 Nd3 $1) 30... Nd3
31. Nc4 Rb3 32. f4 gxf3 33. Rxf3 Rc3 $5 34. Nxb6 Rxa3 35. Nc4 Rc3 36. Kf1 Rxc4
37. Rxd3 Re4 $1 {White cannot save the e-pawn.} 38. Kf2 Rxe5 {Black has an
extra pawn in the rook ending. White should aim his defence on the passed
e-pawn.} 39. g4 $2 g5 $1 {The h-pawn becomes a weakness. White has a second
problem, therefore.} 40. Kg3 ({Not} 40. h4 $2 gxh4 41. Rh3 Rg5 $1 42. Rxh4 Rg7
$1 43. Kf3 Rh7 $1) 40... Re1 $1 41. Ra3 Kg7 42. Ra7 Re3+ 43. Kf2 Rd3 44. Rb7
Kg6 45. Rb6 Kf6 46. Rb7 Rd6 47. Kg3 e5 48. Rb4 Rd3+ 49. Kf2 Ke6 50. Rb6+ Rd6
51. Rb8 Rd2+ 52. Kg3 Rd3+ 53. Kg2 e4 $1 {The passed pawn advances.} 54. Re8+
Kd5 55. Re7 f6 56. Re8 Ra3 57. Kf2 Rf3+ $1 58. Kg2 Rc3 59. h3 $1 Rc6 60. Kf2
Kd4 61. Ra8 Rc2+ 62. Kg3 Rc1 63. Rd8+ $1 (63. Ra6 $2 {can be refuted by} Kd3 $3
64. Rxf6 e3 $1 65. Rd6+ Ke2 66. Rd5 Rg1+ 67. Kh2 Rd1 68. Rxg5 Kf3 69. Rf5+ Ke4
70. Rf8 e2 71. Re8+ Kd3 {and Black wins.}) 63... Ke3 64. Rd6 $1 Rg1+ 65. Kh2
Rf1 66. Ra6 $1 f5 67. gxf5 Rxf5 68. Kg3 Rd5 69. Ra2 Kd3 70. Ra3+ Kd2 71. Ra2+
Ke1 {Black made a lot of progress, but Nikolac still has a last escape.} 72.
Ra4 $2 (72. Kg4 $1 Rd2 ({or} 72... e3 73. Kf3 $1)) 72... e3 $1 73. Ra1+ Rd1 {
Geller won after nine hours of play. The other participants had become hungry
and were eating the traditional pea soup.   Geller and Sosonko triumphed in
the main group by a score of 8/11. Timman trailed by half-a-point.} ({The
point is} 73... Rd1 74. Ra2 e2 $1 75. Kf3 Kf1 $1 76. Rxe2 Rd3+ 77. Re3 Rxe3+
78. Kxe3 Kg2 {and Black wins by his last pawn.}) 0-1

[Event "Hoogovens B"]
[Site "Wijk aan Zee 39"]
[Date "1977.01.??"]
[Round "8"]
[White "Van der Sterren, Paul"]
[Black "Kupreichik, Viktor"]
[Result "1-0"]
[WhiteElo "2375"]
[BlackElo "2490"]
[Annotator "JvR"]
[PlyCount "105"]
[EventDate "1977.??.??"]
[EventCountry "NED"]

1. e4 e5 2. Nf3 Nc6 3. Bb5 Nd4 4. Nxd4 exd4 5. O-O Bc5 6. d3 c6 7. Ba4 Ne7 8.
Nd2 d5 9. exd5 Nxd5 10. Re1+ Be6 11. Ne4 Be7 12. Bb3 O-O 13. Bd2 Qd7 14. h3 $5
(14. Qh5 {occurred in Karpov - Kupreichik, Moscow 1976.}) 14... f5 $5 15. Ng5
Bxg5 16. Bxg5 f4 $1 17. Re4 $1 h6 $2 (17... f3 $1 18. Rxd4 fxg2 $1 19. c4 Qf7
20. Qe2 Nc7 {leads to mutual chances (Van der Sterren).}) 18. Bxf4 $1 Nxf4 19.
Qg4 $1 {Paul shows himself as a fine attacker in open games. He is going to
win a pawn.} Rae8 20. Rxf4 ({Not} 20. Rae1 $4 h5 $1 {(Van der Sterren).}) 20...
Rxf4 21. Qxf4 Bxb3 22. axb3 a6 23. Qd2 Qe7 24. Kf1 Qc5 25. b4 Qd6 26. Re1 Rxe1+
27. Qxe1 Kf8 28. g3 Kf7 29. h4 Kf8 30. Kg1 Kf7 31. Kg2 Kf8 32. g4 Kf7 33. h5
Kf8 34. Qd2 Qd5+ 35. Kg3 Kg8 36. Qf4 b5 37. Qc7 Kh7 38. Qe7 Qa2 39. Qe4+ Kh8
40. Qxd4 Qb1 41. c4 Qg1+ 42. Kf4 Qe1 43. c5 Kg8 44. f3 Kf7 45. Qd7+ Kg8 46. Kf5
Qd2 47. Qxc6 Qxd3+ 48. Qe4 Qd2 49. c6 Qxb2 50. Ke6 Qc3 51. Kd6 Kf8 52. c7 Qf6+
53. Kd7 {The master group was won by Kupreichik despite this defeat.
20-years-old Paul van der Sterren became second.} 1-0

[Event "Hoogovens"]
[Site "Wijk aan Zee 40"]
[Date "1978.01.??"]
[Round "2"]
[White "Mecking, Henrique"]
[Black "Kortschnoj, Viktor"]
[Result "0-1"]
[WhiteElo "2630"]
[BlackElo "2665"]
[Annotator "JvR"]
[PlyCount "92"]
[EventDate "1978.??.??"]
[EventCountry "NED"]

{WIJK AAN ZEE 1978  World championship's candidate Viktor Kortschnoj was
favourite for the victory. The Soviets stayed home.} 1. e4 e6 2. d4 d5 3. Nc3
Bb4 4. e5 c5 5. a3 Bxc3+ 6. bxc3 Ne7 7. Qg4 O-O 8. Nf3 Nbc6 9. Bd3 f5 10. exf6
Rxf6 11. Qh5 h6 12. O-O c4 13. Be2 Qa5 $5 (13... Bd7 {stems from I. Polgár -
Farago, Hungary 1968.}) 14. Bd2 Bd7 15. Rfb1 $5 Qc7 16. Nh4 $6 ({My preference
has} 16. Re1) 16... Raf8 17. f4 Be8 18. Qg4 Ng6 19. Nxg6 Bxg6 20. Ra2 $5 Ne7
21. Rab2 $5 {White has to accept passivity.} b6 22. Qh3 Nf5 23. Re1 $5 Qe7 $1
24. Ra2 Nd6 25. Bf3 $2 (25. Bc1 $1 Ne4 26. a4 $1 {defends subtly.}) 25... Ne4
$1 {The black attack gains strength.} 26. Bxe4 Bxe4 27. g3 $2 Qf7 28. Qg4 g5 $1
29. Raa1 Rf5 $5 30. Rf1 $5 Bxc2 31. Rf2 Qg6 32. Re1 Be4 {Black threatens h5.}
33. Rxe4 $5 dxe4 34. Kf1 Rb5 35. Qe2 Rb1+ 36. Kg2 Rb2 37. Qxc4 e3 38. Bxe3 Qe4+
39. Kh3 Rxf2 40. Bxf2 gxf4 41. gxf4 Rxf4 42. Bg3 Rf5 43. Qc8+ Rf8 44. Qc4 h5
45. Qb5 Qg4+ 46. Kg2 h4 {Mecking had to withdraw from chess due to a
mysterious disease.} 0-1

[Event "Hoogovens"]
[Site "Wijk aan Zee 40"]
[Date "1978.01.??"]
[Round "5"]
[White "Portisch, Lajos"]
[Black "Timman, Jan"]
[Result "1-0"]
[WhiteElo "2630"]
[BlackElo "2585"]
[Annotator "JvR"]
[PlyCount "61"]
[EventDate "1978.??.??"]
[EventCountry "NED"]

1. d4 Nf6 2. c4 e6 3. Nc3 Bb4 4. e3 c5 5. Bd3 Nc6 6. Nf3 Bxc3+ 7. bxc3 d6 8.
O-O e5 9. Nd2 cxd4 10. cxd4 exd4 11. exd4 Nxd4 12. Re1+ $5 ({Known is} 12. Bb2)
12... Ne6 13. Ba3 $5 O-O 14. Nb3 Qd7 $5 ({Less risk takes} 14... Re8 15. Bxd6
$1 Bd7) 15. Re3 $1 Qc6 $6 ({Preferable is} 15... Nf4 $1 16. Bxd6 $1 N6d5 17.
Bxf4 Nxf4) 16. Bxd6 $1 Rd8 17. Be5 Nd7 18. Qh5 h6 19. Bb2 $5 Qxg2+ $2 {Timman
misses a narrow escape.} ({Right is} 19... Nf4 $1 20. Qf3 (20. Qg4 $2 Ne5 $3
21. Qxf4 $6 Nxd3) 20... Qxf3 21. Rxf3 Nxd3 22. Rxd3 Re8 {drawn.}) 20. Kxg2 Nf4+
21. Kg1 Nxh5 22. Rd1 $1 Rf8 (22... Nb6 $5 23. Bh7+ $1 Kxh7 24. Rxd8 Nxc4 25.
Ree8 {leads to a white win.}) 23. Ba3 $1 Rd8 24. Bb2 $5 Rf8 25. Ba3 Rd8 26. Bf5
$1 Nhf6 27. Be7 Re8 28. Bxf6 Nxf6 29. Rxe8+ Nxe8 30. Rd8 Kf8 31. Bxc8 $1 {
Portisch became the runner-up.} 1-0

[Event "Hoogovens"]
[Site "Wijk aan Zee 40"]
[Date "1978.01.??"]
[Round "8"]
[White "Van der Sterren, Paul"]
[Black "Kortschnoj, Viktor"]
[Result "1-0"]
[WhiteElo "2400"]
[BlackElo "2665"]
[Annotator "JvR"]
[PlyCount "119"]
[EventDate "1978.??.??"]
[EventCountry "NED"]

1. e4 e6 2. d4 d5 3. Nc3 Bb4 4. e5 c5 5. a3 Bxc3+ 6. bxc3 Ne7 7. Nf3 Nbc6 8.
Bd3 Qa5 9. O-O c4 10. Be2 Bd7 $5 11. a4 Nc8 12. Qd2 Nb6 $5 13. Qg5 $5 ({Even
better is} 13. Ba3 $1 Nxa4 14. Bd6) 13... Rg8 14. Ra3 h6 15. Qh5 Nxa4 $5 16. g3
b5 17. Bd2 Qd8 18. Rb1 Qe7 19. Raa1 a6 20. Nh4 O-O-O 21. Ng2 Kc7 22. Ne3 Ra8
23. f4 Nb6 24. f5 b4 $6 25. Rf1 $1 {Van der Sterren switches to the kingside.}
g6 $5 26. fxg6 Rxg6 27. Qf3 Be8 28. Qf4 bxc3 29. Bxc3 Qg5 30. Qf3 a5 31. Ng2
Nb4 32. Nf4 Rg8 33. Rfb1 Qd8 34. Qf1 Nc6 35. Rb5 a4 36. Qb1 Ra6 37. Qb2 Bd7 38.
Qa3 Nxd4 $5 39. Qc5+ Kb7 40. Bxd4 Bxb5 41. Qxb5 a3 {White's edge has survived
time trouble.} 42. Bh5 $1 Qc7 43. Ne2 Qe7 $2 ({The last chance brings} 43...
Rg5 44. Bf3 Rxe5 $1 45. Bxe5 Qxe5 {(Van der Sterren).}) 44. Nc3 Qd7 45. Qb4 Rg5
46. Rxa3 Rxa3 47. Qxb6+ Ka8 48. Nb5 Qb7 49. Qd8+ Qb8 50. Qd7 Qb7 51. Qe8+ Qb8
52. Qc6+ Qb7 53. Qe8+ Qb8 54. Qc6+ Qb7 55. Qd6 $1 Raxg3+ 56. hxg3 Qxb5 57. Qf8+
Kb7 58. Qxf7+ Kb8 59. Kg2 Qa4 60. Qf8+ {Kortschnoj had lost to the tailender.}
({Paul analyses} 60. Qf8+ Kb7 61. Qe7+ Kb8 62. Qd8+ Kb7 63. Qb6+ Ka8 64. Be8 $1
Qxc2+ 65. Bf2 Qe4+ 66. Kh2) 1-0

[Event "Hoogovens"]
[Site "Wijk aan Zee 40"]
[Date "1978.01.??"]
[Round "10"]
[White "Portisch, Lajos"]
[Black "Sosonko, Gennadi"]
[Result "1-0"]
[WhiteElo "2630"]
[BlackElo "2575"]
[Annotator "JvR"]
[PlyCount "101"]
[EventDate "1978.??.??"]
[EventCountry "NED"]

1. Nf3 d5 2. d4 Nf6 3. c4 c5 4. cxd5 cxd4 5. Qxd4 Qxd5 6. Nc3 Qxd4 7. Nxd4 a6
8. g3 Bd7 9. Bg2 e5 10. Nc2 Bc6 11. O-O Bxg2 12. Kxg2 Nbd7 13. Rd1 Rc8 14. Ne3
Bc5 15. Ned5 Bd4 $6 (15... Nxd5 16. Rxd5 Nb6 {completes a dull draw (Sosonko).}
) 16. Be3 Bxc3 17. Nxc3 Ke7 18. Rd2 $1 Rc6 19. Rad1 Nb6 20. Bxb6 Rxb6 21. f4
exf4 22. gxf4 Rc8 23. Kf3 Ke6 24. Rd3 Ke7 $6 25. R1d2 Ke8 26. e4 Ng8 27. Nd5
Rbc6 28. a4 Nf6 29. Ne3 g6 30. Rb3 b6 31. Rbd3 Ng8 32. Nd5 $2 (32. Rd7 $1 Ne7
33. Ra7 a5 34. Rdd7 Re6 35. Rab7 {proceeds the attack.}) 32... Ne7 33. Nc3 R6c7
34. Ke2 Rc4 35. Rh3 h5 36. Rhd3 Rb4 $6 37. Kf3 f5 $5 38. Rd7 $6 (38. exf5 gxf5
39. Re2 {assaults strongly.}) 38... Rxb2 39. Rxe7+ Kxe7 40. Nd5+ Kd6 $6 (40...
Ke6 $1 41. Rxb2 fxe4+ 42. Kxe4 Rc4+ {draws easily (Sosonko).}) 41. e5+ Ke6 42.
Rxb2 Kxd5 43. Rd2+ Ke6 44. Rd6+ Kf7 45. Rf6+ $1 {Portisch has set an
incredible trap.} Kg7 $2 ({Correct is} 45... Ke7 46. Rxg6 Rc3+ 47. Kg2 Rc4 48.
Rxb6 Rxf4 49. Rxa6 Re4) 46. Rxb6 Rc3+ 47. Kg2 $1 Rc4 48. Rxa6 $1 Rxf4 49. Ra7+
Kf8 {The king has to withdraw to the eighth rank.} 50. a5 Ra4 51. a6 {Portisch
took a prevailing lead in the penultimate round. He triumphed by 8/11,
half-a-point before Kortschnoj.} (51. a6 Ra2+ 52. Kf3 g5 53. Ra8+ Kg7 54. e6 $1
{brings a white win.}) 1-0

[Event "Hoogovens C"]
[Site "Wijk aan Zee 40"]
[Date "1978.??.??"]
[Round "3"]
[White "Hartoch, Robert"]
[Black "Van Reek, Jan"]
[Result "0-1"]
[WhiteElo "2405"]
[BlackElo "2335"]
[Annotator "JvR"]
[PlyCount "110"]
[EventDate "1978.??.??"]
[EventCountry "NED"]

{Not a masters nor a ladies group were arranged due to economic circumstances
of the steel industry. The next group consisted of three masters and an
amateur.} 1. e4 e5 2. Nf3 Nc6 3. Bc4 d6 4. d4 Bg4 5. c3 Qe7 6. d5 Nd8 7. Be2 g6
8. c4 Bg7 9. Nc3 Nf6 $5 (9... Nh6 {occurred in Klavins - Tolush, Riga 1952.})
10. Be3 O-O 11. h3 Bd7 12. g4 b6 13. Nd2 Ne8 14. Nf1 f5 $5 ({Black has to
start a counteraction indeed, but} 14... c6 $1 {opens the position at the
correct flank.}) 15. gxf5 gxf5 16. exf5 Bxf5 17. Ng3 Bd7 18. Qd2 Nf6 19. O-O-O
Nb7 20. Rdg1 Kh8 21. Bd3 Nc5 22. Bc2 e4 $2 {Black fails in an effort to
liberate himself.} (22... Qf7 {carries on the passive defence.}) 23. Bd4 Rg8
24. Re1 Rae8 25. Ncxe4 Nfxe4 26. Nxe4 Qh4 27. f3 Ref8 28. Rhg1 Qf4 29. Rxg7 $1
Rxg7 30. Rg1 $2 ({Harrtoch misses} 30. Qxf4 Rxf4 31. Rg1 Rff7 32. Rxg7 Rxg7 33.
Nf6 Bxh3 34. Ne8 $1 {and White wins a piece.}) 30... Qxd2+ 31. Kxd2 Nxe4+ 32.
fxe4 Rff7 33. h4 Kg8 34. Rxg7+ Rxg7 35. Bxg7 Kxg7 36. Ke3 h6 {Black holds the
fortress.} 37. b4 Kf6 38. Kf4 a5 39. bxa5 bxa5 40. c5 Be8 41. Bd1 Bg6 42. Bg4
Bf7 43. Bf5 Ke7 44. Bg4 Kf6 45. a3 Bg6 46. Bh3 Bf7 47. Bd7 Bh5 48. Bg4 Bf7 49.
h5 Bg8 50. Bf5 Bf7 51. Bg6 $4 Bxg6 52. hxg6 dxc5 $1 {Distant passed pawns
decide the game.} 53. g7 Kxg7 54. Ke5 c4 55. Kd4 h5 {The pathetic Robbie
squealed: "I won't shake your hand", but matters quieted down within minutes. 
The behaviour by Hartoch was a reason for me not to become a chess
professional. "If I continue in chess, I will become like him!" I thought. My
scientific career became far more important and I developed the basics of an
anti-smoking policy five years later.} 0-1

[Event "Hoogovens"]
[Site "Wijk aan Zee 41"]
[Date "1979.01.??"]
[Round "3"]
[White "Gaprindashvili, Nona"]
[Black "Dzindzichashvili, Roman"]
[Result "1-0"]
[WhiteElo "2405"]
[BlackElo "2595"]
[Annotator "JvR"]
[PlyCount "81"]
[EventDate "1979.??.??"]
[EventCountry "NED"]

{WIJK AAN ZEE 1979  The women's world champion took part in the grandmasters'
group. She played one exceptional game.} 1. e4 c5 2. Nf3 d6 3. Bb5+ Nc6 4. O-O
Bd7 5. c3 Nf6 6. Re1 a6 7. Bxc6 Bxc6 8. d4 Bxe4 9. Bg5 d5 10. Nbd2 Bg6 $5 {
Pieces were exchanged in Giorgadze - Tal, Tbilisi 1978.} 11. dxc5 e6 12. Qa4+
Qd7 13. Qd4 Rc8 14. b4 Be7 15. a4 O-O 16. Nc4 $5 {White has the initiative on
the queenside.} dxc4 17. Qxd7 Nxd7 18. Bxe7 Rfe8 19. Bd6 b6 $5 20. Ne5 Nxe5 21.
Rxe5 bxc5 22. bxc5 Bc2 23. Re2 Bb3 24. f4 f6 25. Kf2 $1 {The white king starts
a long march.} Kf7 26. Ke3 $1 e5 $2 (26... g6 $1 27. Kd4 a5 {stops the parade.}
) 27. f5 g6 28. Ke4 $1 gxf5+ 29. Kd5 $3 {The king should support pawn c5.} f4
30. c6 Rg8 31. c7 h5 32. Kc6 $1 Ke6 33. Bc5 h4 34. Kb7 $1 h3 35. gxh3 f3 36.
Rd2 e4 37. Re1 f5 38. Rd6+ Ke5 39. Rxa6 Bc2 40. Bd4+ Kd5 41. Rf6 1-0

[Event "Hoogovens"]
[Site "Wijk aan Zee 41"]
[Date "1979.01.??"]
[Round "7"]
[White "Nikolac, Juraj"]
[Black "Timman, Jan"]
[Result "0-1"]
[WhiteElo "2450"]
[BlackElo "2625"]
[Annotator "JvR"]
[PlyCount "112"]
[EventDate "1979.??.??"]
[EventCountry "NED"]

1. Nf3 Nf6 2. b3 g6 3. Bb2 Bg7 4. g3 d6 5. d4 b5 6. Bg2 Bb7 7. Nbd2 Nbd7 8. O-O
c5 9. c4 bxc4 10. Nxc4 O-O 11. dxc5 d5 12. Nce5 Nxc5 13. Rc1 Nfe4 14. b4 Ne6
15. Nd4 Qd6 16. Nxe6 Qxe6 17. Nd3 $2 ({More active is} 17. Qd4) 17... Bxb2 18.
Nxb2 Rfc8 19. Qd4 Qa6 $1 {Black wins a pawn.} 20. Nd3 Qxa2 21. Bxe4 dxe4 22.
Nc5 Bc6 23. e3 Qd5 24. Qxd5 Bxd5 25. Rfd1 e6 26. Nd7 Kg7 27. b5 Bb3 28. Rxc8
Rxc8 29. Ra1 Rc7 30. b6 axb6 31. Nxb6 Rc6 32. Nd7 g5 33. g4 Rc7 34. Nb6 h5 35.
h3 h4 36. Rb1 Rc3 37. Nd7 Bd5 38. Nb6 Bc6 39. Kg2 f5 40. Rb4 Kf6 41. Rc4 Rxc4
42. Nxc4 f4 43. Nd2 f3+ $2 {Square f3 should stay open for the bishop.} 44. Kf1
Ke5 45. Ke1 Kd5 46. Kd1 Bb5 47. Kc2 Bd3+ 48. Kc3 e5 49. Kb4 (49. Nxf3 {draws
immediately.}) 49... Kc6 50. Kc3 Kc5 51. Nb3+ Kd5 52. Nd2 Ba6 53. Kb4 Bb7 54.
Kb5 Bc8 55. Kb4 Ba6 56. Ka5 $4 {The king should have gone to b3 or c3.} Bf1 $1
{The Dutch hope had won two games.} 0-1

[Event "Hoogovens"]
[Site "Wijk aan Zee 41"]
[Date "1979.01.??"]
[Round "8"]
[White "Timman, Jan"]
[Black "Polugaevsky, Lev"]
[Result "0-1"]
[WhiteElo "2625"]
[BlackElo "2625"]
[Annotator "JvR"]
[PlyCount "110"]
[EventDate "1979.??.??"]
[EventCountry "NED"]

{They battled for the first place.} 1. d4 Nf6 2. c4 e6 3. Nf3 b6 4. g3 Bb7 5.
Bg2 Bb4+ 6. Bd2 Be7 7. Nc3 O-O 8. O-O Na6 9. Ne5 $5 {Timman plays an active
novelty but the game continues quietly.} Bxg2 10. Kxg2 Qc8 11. e4 Qb7 12. Qf3
c6 13. Rfe1 Nb4 $1 14. Rac1 d6 15. Nd3 Nxd3 16. Qxd3 a6 17. d5 cxd5 18. cxd5 b5
19. a3 Rac8 20. Bf4 Rc4 21. dxe6 fxe6 22. f3 Rd8 23. Red1 Nd7 24. b3 Rcc8 25.
Ne2 Nc5 $1 {Black takes the initiative.} 26. Qb1 b4 $1 27. Be3 $5 bxa3 28. b4
Nd7 29. Qb3 Nf8 30. Nf4 $2 ({Better is} 30. Rxc8 Rxc8 31. Qxa3) 30... d5 $1 31.
exd5 Qxb4 $1 32. Qxb4 Bxb4 33. dxe6 Rxd1 $5 34. Rxd1 a2 35. Nd5 $5 (35. Ra1
Rc2+ 36. Kh3 {(Polugaevsky)} a5 $1 37. Bd4 g5 {wins for Black.}) 35... Rd8 36.
e7 Rxd5 $1 {Polu has a witty answer to the counter.} 37. Rxd5 a1=Q 38. e8=Q
Qa2+ 39. Bd2 Bxd2 40. Re5 Bb4+ 41. Re2 Qd5 42. h4 a5 43. Re4 Bd6 44. Re2 h6 45.
g4 Qd4 46. h5 Bc5 $1 47. Kg3 Qg1+ 48. Kf4 Bd6+ 49. Ke4 Qc5 $1 50. Qa8 Qc4+ 51.
Ke3 Bc5+ 52. Kd2 Qa2+ 53. Kd1 Qb3+ 54. Kd2 Bb4+ 55. Kc1 Qd3 $1 {Polugaevsky
took the lead.} 0-1